00463 2200193 4500001002100000008004100021035002000062245002600082250001700108260003300125300002000158020002200178084001600200082001000216650001900226990000800245990000800253990000800261INLIS000000000000341 ind  a0010-0425000341 aPANDU SAHABAT PRAMUKA aCetakan ke-5 aDepok :bCV Arya Duta,c2021 a82 hlm.c21 cm. a978-979-094-781-8 a372.6 MAY p a372.6 aMaya Rohmayati a776 a777 a778